000
00327nam a2200145Ia 4500
008
200103s9999||||xx |||||||||||||| ||und||
020
_a
0333937406,
040
_a
IMU-MPC
082
_a
Column-65
100
_a
Khera, Shiv
245
0
_a
You can win
260
_b
Macmillan, London
_c
2004
300
_a
xiii, 290
942
_c
BK
999
_c
11516
_d
11516